[Event "Gibraltar Challengers-B 11th"]
[Site "Caleta"]
[Date "2013.01.27"]
[Round "2"]
[White "Sevillano Garcia, Joaquin"]
[Black "Berg, Soren"]
[Result "1-0"]
[WhiteElo "1960"]
[BlackElo "2152"]
[PlyCount "79"]
[EventDate "2013.01.26"]
[EventType "swiss"]
[EventRounds "5"]
[EventCountry "GGB"]
[SourceTitle "EXT 2014"]
[Source "ChessBase"]
[SourceDate "2013.11.20"]
[SourceVersion "1"]
[SourceVersionDate "2013.11.20"]
[SourceQuality "1"]

1. d4 e6 2. Nf3 Nf6 3. Bg5 h6 4. Bh4 c5 5. e3 b6 6. Nbd2 Bb7 7. Bd3 Be7 8. Qe2 cxd4 9. exd4 Nd5 10. Bg3 Nb4 11. Be4 d5 12. Bd3 Nxd3+ 13. Qxd3 Ba6 14. Qe3 Nc6 15. c3 Rc8 16. Ne5 Nxe5 17. Bxe5 f6 18. Bg3 Qd7 19. 0-0-0 Kf7 20. Kb1 Rhe8 21. Rhe1 Bf8 22. f4 Bc4 23. h4 a5 24. Nxc4 Rxc4 25. Re2 b5 26. h5 b4 27. Be1 bxc3 28. Bxc3 Bb4 29. Bxb4 Rxb4 30. Qd3 Reb8 31. Rc1 f5 32. Qe3 Qd6 33. Rec2 R8b7 34. Qg3 g5 35. hxg6+ Kg7 36. Qe3 Qb6 37. b3 Qxd4 38. Rc7+ Rxc7 39. Rxc7+ Kxg6 40. Qxe6+ 1-0

[Event "Odysseus EMT"]
[Site "Soborg"]
[Date "2000.04.??"]
[Round "2"]
[White "Berg, Soren"]
[Black "Nielsen, Jesper Arwid"]
[Result "1/2-1/2"]
[WhiteElo "2012"]
[BlackElo "2080"]
[PlyCount "52"]
[EventDate "2000.04.27"]
[EventType "swiss"]
[EventRounds "5"]
[EventCountry "DEN"]
[SourceTitle "EXT 2023"]
[Source "ChessBase"]
[SourceDate "2022.10.05"]
[SourceVersion "1"]
[SourceVersionDate "2022.10.05"]
[SourceQuality "1"]

1. e4 c5 2. f4 Nc6 3. Nf3 g6 4. Bc4 e6 5. d3 Bg7 6. 0-0 Nge7 7. Qe1 d5 8. Bb5 0-0 9. c3 Qb6 10. Bxc6 Qxc6 11. Qh4 dxe4 12. dxe4 Re8 13. Nbd2 f5 14. e5 b5 15. Nb3 Nd5 16. Bd2 Ba6 17. Rfe1 Rad8 18. Qf2 Bf8 19. Rac1 Rd7 20. Kh1 Red8 21. a3 Be7 22. h4 h5 23. Kh2 Nb6 24. Be3 Rd5 25. Na5 Qc7 26. b4 Nc4 1/2-1/2